| 000 | 00830cam a2200205 4500 | ||
|---|---|---|---|
| 001 | WB3538-26 | ||
| 008 | 000000n1999 000 0 eng u | ||
| 035 | _a(Sirsi) u102834 | ||
| 245 | _aPedestrianised towns now want cars. | ||
| 260 | _c1999 | ||
| 490 |
_aIndependent on Sunday _v26 September 1999, 12(2) |
||
| 520 | _aWith many local authorities still committed to increasing the number of pedestrian areas in town centres, evidence from cities such as Norwich suggests that such anti-car measures can lead to higher retail rents squeezing out smaller retailers, and a lack of use of such areas at night due to inadequate transport links. | ||
| 650 | _aPEDESTRIANISATION | ||
| 650 | _aTOWN CENTRES | ||
| 650 | _aNORWICH | ||
| 650 | _aLONDON | ||
| 650 | _aIPSWICH | ||
| 690 | _aPLANNING LAW AND PRACTICE | ||
| 942 | _n0 | ||
| 999 |
_c61806 _d61806 |
||